000 00362nam a22001337a 4500
082 _a627.52
_bMAR
_cD
100 _aE.L.Marryat
_944201
245 _aspecifications, rates and notes on work
260 _aBombay
_bGovernment central press
_c1916
300 _a380p.:
_c40cm.
526 _a0
_b0
_c0
_d627_520000000000000_MAR
650 _aMCE
_9379
942 _2ddc
_cBK
999 _c548018
_d548018